| 000 | 00788nam a22002297a 4500 | ||
|---|---|---|---|
| 999 |
_c13201 _d13201 |
||
| 003 | MIRAKIL | ||
| 005 | 20211214000614.0 | ||
| 008 | 190426b tu ||||| |||| 00| 0 tur d | ||
| 020 | _a9786052982525 | ||
| 040 |
_aTR-AnCHP _cTR-AnCHP |
||
| 041 | _atur | ||
| 082 |
_aATA 923.156 _bK47a 2018 |
||
| 100 | 1 |
_aKışlalı, Ahmet Taner _d1939-1999 |
|
| 245 | 1 | 0 |
_aAtatürk'e saldırmanın dayanılmaz hafifliği / _cAhmet Taner Kışlalı. |
| 260 |
_aİstanbul : _bKırmızı kedi yayınevi , _c2018. |
||
| 300 |
_a411 s.: _c20 sm. |
||
| 490 | 0 |
_aKırmızı kedi yayınevi ; _aİnceleme ; _v894. _v73. |
|
| 600 | 1 | 4 |
_94360 _aKışlalı, Ahmet Taner _cGazeteci _d1939-1999 _xgazete yazıları |
| 650 | 0 |
_aSiyaset ve yönetim _xTürkiye _99 |
|
| 650 | 0 |
_95673 _aKemalizm _xTürkiye |
|
| 942 |
_2ddc _cBKS |
||